[Event "Verbandsliga Suedbaden 2223"]
[Site "Germany"]
[Date "2023.03.05"]
[Round "7.2"]
[White "Merkel, Gerd"]
[Black "Schlindwein, Rolf"]
[Result "1/2-1/2"]
[WhiteElo "2142"]
[BlackElo "2379"]
[PlyCount "63"]
[EventDate "2022.09.25"]
[EventType "team-tourn"]
[EventRounds "9"]
[EventCountry "GER"]
[SourceTitle "EXT 2024"]
[Source "ChessBase"]
[SourceDate "2023.10.10"]
[SourceVersion "1"]
[SourceVersionDate "2023.10.10"]
[SourceQuality "1"]
[WhiteTeam "Hoerden"]
[BlackTeam "Baden-Baden IV"]
[WhiteTeamCountry "GER"]
[BlackTeamCountry "GER"]

1. d4 Nf6 2. c4 e6 3. Nf3 b6 4. g3 Ba6 5. b3 b5 6. cxb5 Bxb5 7. Bg2 Bc6 8. 0-0 Qc8 9. Nbd2 Qb7 10. Nc4 a5 11. Bd2 Bb4 12. a3 Bxd2 13. Qxd2 Qb5 14. a4 Qb4 15. Qxb4 axb4 16. Nfe5 Bxg2 17. Kxg2 d6 18. Nd3 Nc6 19. e3 Kd7 20. Rfc1 Rhb8 21. Rc2 Ra6 22. Rac1 Rb7 23. Nce5+ Nxe5 24. dxe5 Nd5 25. exd6 cxd6 26. e4 Nc3 27. Nxb4 Rab6 28. Rxc3 Rxb4 29. e5 Rxb3 30. exd6 Rxc3 31. Rxc3 Kxd6 32. Rd3+ 1/2-1/2

[Event "Verbandsliga Suedbaden 1920"]
[Site "Baden"]
[Date "2021.07.25"]
[Round "9.2"]
[White "Schlindwein, Rolf"]
[Black "Schuh, Hubert"]
[Result "1/2-1/2"]
[WhiteElo "2379"]
[BlackElo "2292"]
[PlyCount "31"]
[EventDate "2019.09.29"]
[EventType "team-tourn"]
[EventRounds "9"]
[EventCountry "GER"]
[SourceTitle "EXT 2021"]
[Source "ChessBase"]
[SourceDate "2020.10.23"]
[SourceVersion "1"]
[SourceVersionDate "2020.10.23"]
[SourceQuality "1"]
[WhiteTeam "Baden-Baden IV"]
[BlackTeam "Kuppenheim"]
[WhiteTeamCountry "GER"]
[BlackTeamCountry "GER"]

1. Nf3 c5 2. d3 g6 3. g3 b6 4. Bg2 Bb7 5. c4 Bg7 6. Nc3 Nf6 7. e4 d6 8. 0-0 e5 9. a3 Nc6 10. b4 0-0 11. Rb1 Rb8 12. Nd5 cxb4 13. axb4 Nxd5 14. cxd5 Nd4 15. Nxd4 exd4 16. Qa4 1/2-1/2

[Event "Karlsruhe Grenke op"]
[Site "Karlsruhe"]
[Date "2019.04.22"]
[Round "9"]
[White "Schlindwein, Rolf"]
[Black "Poeck, Ole"]
[Result "1/2-1/2"]
[WhiteElo "2409"]
[BlackElo "2254"]
[PlyCount "33"]
[EventDate "2019.04.18"]
[EventType "swiss"]
[EventRounds "9"]
[EventCountry "GER"]
[SourceTitle "CBM 189 Extra"]
[Source "ChessBase"]
[SourceDate "2019.06.03"]
[SourceVersion "1"]
[SourceVersionDate "2019.06.03"]
[SourceQuality "1"]

1. Nc3 d5 2. e4 dxe4 3. Nxe4 Bf5 4. Qf3 e6 5. Ng3 Bxc2 6. Qxb7 Nd7 7. Bb5 Ngf6 8. d3 Rb8 9. Qc6 Rb6 10. Qc4 c6 11. Bxc6 Bxd3 12. Qxd3 Rxc6 13. Bd2 Qb6 14. Bc3 Nc5 15. Qf3 Rd6 16. Rd1 Rxd1+ 17. Qxd1 1/2-1/2

[Event "Verbandsliga Suedbaden 1819"]
[Site "Baden"]
[Date "2019.02.17"]
[Round "6.1"]
[White "Schlindwein, Rolf"]
[Black "Roos, Jean Luc"]
[Result "1/2-1/2"]
[WhiteElo "2409"]
[BlackElo "2240"]
[PlyCount "26"]
[EventDate "2018.10.14"]
[EventType "team-tourn"]
[EventRounds "9"]
[EventCountry "GER"]
[SourceTitle "EXT 2020"]
[Source "ChessBase"]
[SourceDate "2019.10.17"]
[SourceVersion "1"]
[SourceVersionDate "2019.10.17"]
[SourceQuality "1"]
[WhiteTeam "Baden-Baden IV"]
[BlackTeam "Kuppenheim"]
[WhiteTeamCountry "GER"]
[BlackTeamCountry "GER"]

1. d4 e6 2. c4 d5 3. Nc3 Be7 4. cxd5 exd5 5. Nf3 Nf6 6. Bf4 c6 7. e3 Bf5 8. Bd3 Bxd3 9. Qxd3 Nbd7 10. h3 0-0 11. 0-0 Re8 12. a3 a5 13. Rac1 a4 1/2-1/2

[Event "Verbandsliga Suedbaden 1819"]
[Site "Baden"]
[Date "2019.01.27"]
[Round "5.3"]
[White "Boes, Julian"]
[Black "Schlindwein, Rolf"]
[Result "0-1"]
[WhiteElo "2068"]
[BlackElo "2409"]
[PlyCount "94"]
[EventDate "2018.10.14"]
[EventType "team-tourn"]
[EventRounds "9"]
[EventCountry "GER"]
[SourceTitle "EXT 2020"]
[Source "ChessBase"]
[SourceDate "2019.10.17"]
[SourceVersion "1"]
[SourceVersionDate "2019.10.17"]
[SourceQuality "1"]
[WhiteTeam "Heitersheim"]
[BlackTeam "Baden-Baden IV"]
[WhiteTeamCountry "GER"]
[BlackTeamCountry "GER"]

1. e4 c5 2. b3 Nc6 3. Bb5 Nd4 4. Bc4 e6 5. Ne2 Nc6 6. Bb5 Qb6 7. Bxc6 Qxc6 8. d3 b6 9. 0-0 Bb7 10. Nd2 f5 11. f3 Nf6 12. Bb2 Be7 13. Nc4 0-0 14. Qd2 fxe4 15. dxe4 d5 16. Ne5 Qd6 17. exd5 exd5 18. Ng3 d4 19. Rfe1 Nd5 20. Nc4 Qd8 21. Qe2 Kh8 22. Qe6 Rf6 23. Qg4 Qc8 24. Qh5 Nf4 25. Qe5 Bf8 26. Rf1 Ba6 27. Bc1 Bxc4 28. bxc4 Bd6 29. Qe1 Qd7 30. Bxf4 Bxf4 31. Ne4 Rh6 32. g3 Be3+ 33. Kh1 Re8 34. Qe2 Re5 35. Qg2 Reh5 36. Rae1 Rxh2+ 37. Qxh2 Rxh2+ 38. Kxh2 Qa4 39. Re2 Qxc4 40. Rfe1 Qxa2 41. Nf2 h6 42. Ng4 Kh7 43. f4 a5 44. f5 Qf7 45. Nxe3 Qh5+ 46. Kg2 dxe3 47. Rxe3 Qxf5 0-1

[Event "Verbandsliga Suedbaden 1819"]
[Site "Baden"]
[Date "2018.12.02"]
[Round "3.1"]
[White "Miezis, Normunds"]
[Black "Schlindwein, Rolf"]
[Result "1-0"]
[WhiteElo "2470"]
[BlackElo "2409"]
[PlyCount "81"]
[EventDate "2018.10.14"]
[EventType "team-tourn"]
[EventRounds "9"]
[EventCountry "GER"]
[SourceTitle "EXT 2020"]
[Source "ChessBase"]
[SourceDate "2019.10.17"]
[SourceVersion "1"]
[SourceVersionDate "2019.10.17"]
[SourceQuality "1"]
[WhiteTeam "Emmendingen II"]
[BlackTeam "Baden-Baden IV"]
[WhiteTeamCountry "GER"]
[BlackTeamCountry "GER"]

1. c4 e6 2. e4 d5 3. exd5 exd5 4. d4 Nf6 5. Nc3 Be7 6. Nf3 Be6 7. cxd5 Nxd5 8. Bd3 0-0 9. 0-0 Nd7 10. Re1 Re8 11. Ne4 Bg4 12. h3 Bh5 13. Bd2 N7f6 14. Ng3 Nb4 15. Bxb4 Bxf3 16. Qxf3 Bxb4 17. Rxe8+ Qxe8 18. Qxb7 Ba5 19. Rd1 Bb6 20. Bb5 Qf8 21. Qc6 Rd8 22. Nf5 Nd5 23. Qc4 g6 24. Ne3 Qd6 25. Ng4 Kg7 26. Ba4 Nf4 27. Bb3 Qd5 28. Qxd5 Nxd5 29. Ne5 Nf4 30. Nc6 Rd6 31. d5 Rf6 32. Rd2 Rf5 33. Kh2 g5 34. g3 Ng6 35. Kg2 h5 36. Bc2 Rf6 37. b4 Rxc6 38. dxc6 Ne5 39. Be4 Kf6 40. a4 Nc4 41. Rd5 1-0

[Event "Verbandsliga Suedbaden 1718"]
[Site "Baden"]
[Date "2018.03.11"]
[Round "7.2"]
[White "Schlindwein, Rolf"]
[Black "Metz, Hartmut"]
[Result "1/2-1/2"]
[WhiteElo "2409"]
[BlackElo "2279"]
[PlyCount "92"]
[EventDate "2017.10.08"]
[EventType "team-tourn"]
[EventRounds "9"]
[EventCountry "GER"]
[SourceTitle "EXT 2019"]
[Source "ChessBase"]
[SourceDate "2018.10.10"]
[SourceVersion "1"]
[SourceVersionDate "2018.10.10"]
[SourceQuality "1"]
[WhiteTeam "Baden-Baden IV"]
[BlackTeam "Kuppenheim"]
[WhiteTeamCountry "GER"]
[BlackTeamCountry "GER"]

1. e4 c6 2. d4 d5 3. Nc3 dxe4 4. Nxe4 Nf6 5. Nxf6+ exf6 6. Bc4 Bd6 7. Qe2+ Qe7 8. Qxe7+ Kxe7 9. Ne2 Bf5 10. Bb3 Re8 11. Bf4 Be6 12. Bxd6+ Kxd6 13. Kd2 Bxb3 14. axb3 Nd7 15. c4 a6 16. b4 g6 17. Rhe1 f5 18. f3 Nf8 19. Nc3 Rad8 20. d5 cxd5 21. cxd5 Nd7 22. Kd3 Nb6 23. Kd4 Rxe1 24. Rxe1 Rc8 25. b3 h5 26. Re2 Rxc3 27. Kxc3 Nxd5+ 28. Kb2 Nxb4 29. Rd2+ Nd5 30. b4 Kc6 31. Kb3 b6 32. Rc2+ Kd7 33. Ra2 a5 34. bxa5 bxa5 35. Rxa5 Ke6 36. Ra2 Kf6 37. Kc4 Nf4 38. h4 Ne6 39. Kd5 Nf4+ 40. Kd6 Ne6 41. g3 Nd4 42. f4 Nb5+ 43. Kd7 Nc3 44. Ra6+ Kg7 45. Ke8 Ne4 46. Ra7 Nf6+ 1/2-1/2

[Event "Verbandsliga Suedbaden 1718"]
[Site "Baden"]
[Date "2018.02.18"]
[Round "6.2"]
[White "Ehmann, Thilo"]
[Black "Schlindwein, Rolf"]
[Result "1-0"]
[WhiteElo "2291"]
[BlackElo "2409"]
[PlyCount "77"]
[EventDate "2017.10.08"]
[EventType "team-tourn"]
[EventRounds "9"]
[EventCountry "GER"]
[SourceTitle "EXT 2019"]
[Source "ChessBase"]
[SourceDate "2018.10.10"]
[SourceVersion "1"]
[SourceVersionDate "2018.10.10"]
[SourceQuality "1"]
[WhiteTeam "Sasbach"]
[BlackTeam "Baden-Baden IV"]
[WhiteTeamCountry "GER"]
[BlackTeamCountry "GER"]

1. e4 e5 2. Nf3 Nc6 3. Bc4 Nf6 4. d4 exd4 5. e5 d5 6. Bb5 Ne4 7. Nxd4 Bd7 8. Bxc6 bxc6 9. 0-0 c5 10. Nb3 c6 11. f3 Ng5 12. f4 Ne4 13. Nc3 Nxc3 14. bxc3 a5 15. Be3 Qb6 16. a4 g6 17. Qe2 Be7 18. Qf2 Bf5 19. Nxc5 Qb2 20. Rab1 Qxc3 21. Rb7 Qxc2 22. Rxe7+ Kxe7 23. Qh4+ g5 24. Qh6 Rhb8 25. Qf6+ Ke8 26. Qxc6+ Ke7 27. Qf6+ Ke8 28. e6 Bxe6 29. Nxe6 Rb2 30. Bf2 Rab8 31. Nxg5 Kd7 32. Qxf7+ Kd6 33. Qe6+ Kc7 34. Qe7+ Kc8 35. Ne6 Qc6 36. Nd4 Qc7 37. Qe6+ Kb7 38. Qxd5+ Kc8 39. Ne6 1-0

[Event "Verbandsliga Suedbaden 1718"]
[Site "Baden"]
[Date "2018.01.14"]
[Round "4.1"]
[White "Schlindwein, Rolf"]
[Black "Cvitan, Ognjen"]
[Result "1/2-1/2"]
[WhiteElo "2409"]
[BlackElo "2489"]
[PlyCount "77"]
[EventDate "2017.10.08"]
[EventType "team-tourn"]
[EventRounds "9"]
[EventCountry "GER"]
[SourceTitle "EXT 2019"]
[Source "ChessBase"]
[SourceDate "2018.10.10"]
[SourceVersion "1"]
[SourceVersionDate "2018.10.10"]
[SourceQuality "1"]
[WhiteTeam "Baden-Baden IV"]
[BlackTeam "Emmendingen II"]
[WhiteTeamCountry "GER"]
[BlackTeamCountry "GER"]

1. d4 Nf6 2. c4 e6 3. Nc3 Bb4 4. Qc2 d5 5. a3 Bxc3+ 6. bxc3 c5 7. e3 0-0 8. Nf3 Nc6 9. Rb1 b6 10. cxd5 exd5 11. Bb5 Ne7 12. dxc5 bxc5 13. 0-0 Qc7 14. Be2 Bf5 15. Bd3 Bxd3 16. Qxd3 c4 17. Qc2 Rab8 18. Ra1 Rb7 19. a4 Rfb8 20. Ba3 Nc6 21. Rfd1 Ne5 22. Nxe5 Qxe5 23. Rd4 a5 24. Rad1 Rb3 25. Bc1 h5 26. f3 Rb1 27. h3 Ra1 28. e4 dxe4 29. fxe4 Rbb1 30. Rxc4 Qg3 31. Rc8+ Kh7 32. e5+ g6 33. Qd2 Rxc1 34. Rxc1 Ne4 35. Rh8+ Kxh8 36. Qh6+ Kg8 37. Rxa1 Ng5 38. Kh1 Nf3 39. gxf3 1/2-1/2

[Event "Verbandsliga Suedbaden 1718"]
[Site "Baden"]
[Date "2017.12.03"]
[Round "3.1"]
[White "Schlindwein, Rolf"]
[Black "Schmider, Niklas"]
[Result "1/2-1/2"]
[WhiteElo "2409"]
[BlackElo "2131"]
[PlyCount "69"]
[EventDate "2017.10.08"]
[EventType "team-tourn"]
[EventRounds "9"]
[EventCountry "GER"]
[SourceTitle "EXT 2019"]
[Source "ChessBase"]
[SourceDate "2018.10.10"]
[SourceVersion "1"]
[SourceVersionDate "2018.10.10"]
[SourceQuality "1"]
[WhiteTeam "Baden-Baden IV"]
[BlackTeam "Lahr"]
[WhiteTeamCountry "GER"]
[BlackTeamCountry "GER"]

1. d4 Nf6 2. Bg5 Ne4 3. Bf4 d5 4. Nd2 Bf5 5. e3 e6 6. Nxe4 Bxe4 7. c3 Bd6 8. Bxd6 Qxd6 9. Qb3 Nd7 10. Nf3 0-0 11. Nd2 Bg6 12. Be2 c5 13. Qa3 Qc6 14. 0-0 b5 15. dxc5 Nxc5 16. Nb3 Nxb3 17. Qxb3 Rab8 18. Rfd1 Rfc8 19. Rd4 a5 20. a3 Qb6 21. h4 h6 22. Rad1 Be4 23. R4d2 Qd8 24. f3 Bg6 25. g3 b4 26. axb4 axb4 27. c4 Qc7 28. Kf2 dxc4 29. Bxc4 Qe5 30. Ba6 Rc6 31. Bd3 Bxd3 32. Rxd3 Qf5 33. Kg2 Qb5 34. R3d2 Rbc8 35. Qd3 1/2-1/2

[Event "Verbandsliga Suedbaden 1718"]
[Site "Baden"]
[Date "2017.10.08"]
[Round "1.1"]
[White "Schlindwein, Rolf"]
[Black "Prill, Daniel"]
[Result "1-0"]
[WhiteElo "2409"]
[BlackElo "2230"]
[PlyCount "97"]
[EventDate "2017.10.08"]
[EventType "team-tourn"]
[EventRounds "9"]
[EventCountry "GER"]
[SourceTitle "EXT 2019"]
[Source "ChessBase"]
[SourceDate "2018.10.10"]
[SourceVersion "1"]
[SourceVersionDate "2018.10.10"]
[SourceQuality "1"]
[WhiteTeam "Baden-Baden IV"]
[BlackTeam "Heitersheim"]
[WhiteTeamCountry "GER"]
[BlackTeamCountry "GER"]

1. d4 d5 2. Bf4 Nf6 3. e3 c6 4. c4 Qb6 5. Qb3 Nbd7 6. Nc3 dxc4 7. Bxc4 Qxb3 8. Bxb3 Nb6 9. e4 g6 10. d5 Bd7 11. a4 Bg7 12. Nf3 0-0 13. a5 Nc8 14. Ne5 Be8 15. a6 bxa6 16. Nxc6 Nd7 17. Bc4 Nc5 18. Be3 Bxc3+ 19. bxc3 Nxe4 20. Bxa6 Ned6 21. Bh6 Bxc6 22. dxc6 Re8 23. 0-0 Rb8 24. Rfb1 Rxb1+ 25. Rxb1 e5 26. Rb8 f5 27. Be3 Kf7 28. Bc5 Ke6 29. Bxd6 Kxd6 30. Rxc8 Rxc8 31. Bxc8 Kxc6 32. Be6 h6 33. Kf1 Kd6 34. Bf7 g5 35. Ke2 Ke7 36. Bb3 Kd6 37. Kd3 h5 38. f3 a5 39. g3 g4 40. fxg4 hxg4 41. Ke3 Ke7 42. Bc2 Kf6 43. c4 Ke6 44. c5 e4 45. Kd4 Kd7 46. Ba4+ Ke6 47. Bb5 Ke7 48. Ke5 e3 49. Kd4 1-0

[Event "Verbandsliga Suedbaden 1617"]
[Site "Baden"]
[Date "2016.12.11"]
[Round "4.1"]
[White "Lerch, Patrice"]
[Black "Schlindwein, Rolf"]
[Result "1/2-1/2"]
[WhiteElo "2387"]
[BlackElo "2409"]
[PlyCount "72"]
[EventDate "2016.10.09"]
[EventType "team-tourn"]
[EventRounds "9"]
[EventCountry "GER"]
[SourceTitle "EXT 2022"]
[Source "ChessBase"]
[SourceDate "2021.10.06"]
[SourceVersion "1"]
[SourceVersionDate "2021.10.06"]
[SourceQuality "1"]
[WhiteTeam "Lahr"]
[BlackTeam "Baden Baden IV"]
[WhiteTeamCountry "GER"]
[BlackTeamCountry "GER"]

1. e4 Nc6 2. Bb5 d5 3. Qe2 a6 4. Bxc6+ bxc6 5. d3 g6 6. Bd2 Rb8 7. b3 Bg7 8. Nc3 Qd6 9. Rd1 Qc5 10. Na4 Qxc2 11. Ba5 Qxe2+ 12. Nxe2 Kd8 13. Rd2 Rb5 14. Bc3 e5 15. d4 dxe4 16. Nc5 Ne7 17. a4 Rxc5 18. dxc5+ Nd5 19. Nf4 Ke7 20. Nxd5+ cxd5 21. Rxd5 Be6 22. Rd2 Bxb3 23. 0-0 Bxa4 24. c6 Ke6 25. Ba5 Rc8 26. Ra1 Bxc6 27. Rc1 Bd5 28. Rc5 Ba8 29. Rxc7 Rxc7 30. Bxc7 Bd5 31. Rb2 Bc4 32. Rb8 Kd7 33. Ba5 h5 34. Rb4 Bd5 35. Rb6 Bc4 36. Rb4 Bd5 1/2-1/2

[Event "Verbandsliga Suedbaden 1516"]
[Site "Baden"]
[Date "2016.01.24"]
[Round "5.2"]
[White "Schlindwein, Rolf"]
[Black "Schuh, Hubert"]
[Result "1/2-1/2"]
[WhiteElo "2410"]
[BlackElo "2292"]
[PlyCount "64"]
[EventDate "2015.09.27"]
[EventType "team-tourn"]
[EventRounds "9"]
[EventCountry "GER"]
[SourceTitle "EXT 2022"]
[Source "ChessBase"]
[SourceDate "2021.10.06"]
[SourceVersion "1"]
[SourceVersionDate "2021.10.06"]
[SourceQuality "1"]
[WhiteTeam "Baden Baden IV"]
[BlackTeam "Kuppenheim"]
[WhiteTeamCountry "GER"]
[BlackTeamCountry "GER"]

1. e4 c5 2. Nc3 Nc6 3. g3 g6 4. d3 Bg7 5. Be3 d6 6. Bg2 Rb8 7. Qd2 b5 8. f4 b4 9. Nd1 Bd7 10. Nf3 Nf6 11. h3 0-0 12. 0-0 a5 13. c4 bxc3 14. Nxc3 Qb6 15. Rab1 Qa6 16. g4 Rfc8 17. e5 Ne8 18. Ng5 e6 19. Nce4 Nb4 20. exd6 Nxd3 21. b3 h6 22. Rbd1 hxg5 23. Qxd3 Qxd3 24. Rxd3 gxf4 25. Rxf4 Be5 26. Rf2 c4 27. bxc4 Rxc4 28. Nc5 Rd8 29. Nb7 Ra8 30. Rfd2 a4 31. Kf2 Rac8 32. Bf3 Kg7 1/2-1/2

[Event "Verbandsliga Suedbaden 1415"]
[Site "Baden"]
[Date "2015.02.08"]
[Round "6.1"]
[White "Schlindwein, Rolf"]
[Black "Ruff, Maximilian"]
[Result "1/2-1/2"]
[WhiteElo "2410"]
[BlackElo "2188"]
[PlyCount "59"]
[EventDate "2014.10.12"]
[EventType "team-tourn"]
[EventRounds "9"]
[EventCountry "GER"]
[SourceTitle "EXT 2022"]
[Source "ChessBase"]
[SourceDate "2021.10.06"]
[SourceVersion "1"]
[SourceVersionDate "2021.10.06"]
[SourceQuality "1"]
[WhiteTeam "Baden Baden IV"]
[BlackTeam "Sasbach"]
[WhiteTeamCountry "GER"]
[BlackTeamCountry "GER"]

1. Nc3 Nf6 2. e4 e5 3. Nf3 Nc6 4. d4 exd4 5. Nd5 Nb4 6. Nxd4 Nbxd5 7. exd5 Nxd5 8. Nf5 Ne7 9. Bg5 f6 10. Bxf6 gxf6 11. Qh5+ Ng6 12. 0-0-0 c6 13. Rd6 Qc7 14. Rd4 d5 15. Bd3 Kd8 16. Re1 Ne5 17. Qh4 Nxd3+ 18. Rxd3 Qf7 19. Ne3 Bc5 20. c4 Re8 21. cxd5 Bxe3+ 22. fxe3 cxd5 23. Rxd5+ Qxd5 24. Rd1 Qxd1+ 25. Kxd1 Be6 26. Qxf6+ Kd7 27. Qd4+ Kc6 28. Qc3+ Kd6 29. Qb4+ Kc6 30. Qc3+ 1/2-1/2

[Event "BL2-Sued 1213"]
[Site "Germany"]
[Date "2013.04.14"]
[Round "9.2"]
[White "Schlindwein, Rolf"]
[Black "Dann, Matthias"]
[Result "0-1"]
[WhiteElo "2417"]
[BlackElo "2432"]
[PlyCount "58"]
[EventDate "2012.10.14"]
[EventType "team-tourn"]
[EventRounds "9"]
[EventCountry "GER"]
[SourceTitle "CBM 154 Extra"]
[Source "ChessBase"]
[SourceDate "2013.06.25"]
[SourceVersion "2"]
[SourceVersionDate "2013.06.25"]
[SourceQuality "1"]
[WhiteTeam "Untergrombach"]
[BlackTeam "Schott Mainz"]
[WhiteTeamCountry "GER"]
[BlackTeamCountry "GER"]

1. e4 c5 2. Nc3 a6 3. g3 b5 4. Bg2 Bb7 5. d4 cxd4 6. Qxd4 Nc6 7. Qe3 e6 8. Nh3 Rc8 9. 0-0 Ne5 10. Qe2 Bc5 11. Nf4 Ne7 12. Nh5 0-0 13. Bf4 N7g6 14. Rad1 Qc7 15. Kh1 Nxf4 16. gxf4 Ng6 17. e5 Bxg2+ 18. Kxg2 d6 19. exd6 Bxd6 20. f5 Nh4+ 21. Kh3 Nxf5 22. Rg1 Be5 23. Rd7 Qxd7 24. Qxe5 Qd4 25. Rxg7+ Kh8 26. Qxd4 Nxd4 27. Ne4 Nf5 28. Rg1 Rxc2 29. Rd1 Rc7 0-1

[Event "BL2-Sued 1112"]
[Site "Germany"]
[Date "2012.02.05"]
[Round "6.4"]
[White "Schlindwein, Rolf"]
[Black "Eisenbeiser, Amadeus"]
[Result "1/2-1/2"]
[WhiteElo "2412"]
[BlackElo "2419"]
[PlyCount "80"]
[EventDate "2011.10.02"]
[EventType "team-tourn"]
[EventRounds "9"]
[EventCountry "GER"]
[SourceTitle "EXT 2015"]
[Source "ChessBase"]
[SourceDate "2014.11.20"]
[SourceVersion "1"]
[SourceVersionDate "2014.11.20"]
[SourceQuality "1"]
[WhiteTeam "Untergrombach"]
[BlackTeam "Buchen"]
[WhiteTeamCountry "GER"]
[BlackTeamCountry "GER"]

1. d4 f5 2. Bf4 Nf6 3. e3 e6 4. Nd2 b6 5. Qf3 Nc6 6. Be2 Bb7 7. Qg3 Qe7 8. Bf3 d6 9. b4 Qf7 10. b5 Nd8 11. Bxb7 Nxb7 12. Qf3 d5 13. Ne2 Bd6 14. 0-0 0-0 15. Nc4 Ne4 16. Nxd6 cxd6 17. Qh3 Rac8 18. f3 Nc3 19. Nxc3 Rxc3 20. Rf2 Rfc8 21. Qg3 Qd7 22. Rc1 Ra3 23. Ra1 Rc4 24. h4 Rca4 25. h5 Rxa2 26. Rxa2 Rxa2 27. e4 Ra1+ 28. Kh2 Qf7 29. Qh4 dxe4 30. fxe4 Re1 31. exf5 exf5 32. Rf3 Qe7 33. Bg5 Qe4 34. Rc3 h6 35. Rc7 Na5 36. Bf6 Qxh4+ 37. Bxh4 Re4 38. Bf2 Re2 39. Bg3 Re6 40. d5 Rf6 1/2-1/2

[Event "BL2-Sued 0910"]
[Site "Germany"]
[Date "2009.10.18"]
[Round "1.4"]
[White "Strunski, Andreas"]
[Black "Schlindwein, Rolf"]
[Result "0-1"]
[WhiteElo "2215"]
[BlackElo "2444"]
[PlyCount "124"]
[EventDate "2009.10.18"]
[EventType "team-tourn"]
[EventRounds "9"]
[EventCountry "GER"]
[SourceTitle "EXT 2011"]
[Source "ChessBase"]
[SourceDate "2010.11.26"]
[SourceVersion "1"]
[SourceVersionDate "2010.11.26"]
[SourceQuality "1"]
[WhiteTeam "Stuttgart"]
[BlackTeam "Untergrombach"]
[WhiteTeamCountry "GER"]
[BlackTeamCountry "GER"]

1. d4 Nf6 2. c4 e6 3. Nc3 Bb4 4. Qc2 c5 5. dxc5 Na6 6. a3 Bxc3+ 7. Qxc3 Nxc5 8. b4 Nce4 9. Qb2 Nd6 10. e3 b6 11. Qe5 Nf5 12. Nf3 d6 13. Qb2 e5 14. Be2 0-0 15. 0-0 Qc7 16. Rd1 Be6 17. Bd2 Ne4 18. Be1 Ne7 19. Rac1 Bg4 20. Qb3 h6 21. Nd4 Bxe2 22. Nxe2 Rac8 23. Qd3 Qb7 24. f3 Ng5 25. Qxd6 Nf5 26. Qd7 Nxf3+ 27. Kf2 Qxd7 28. Rxd7 Nxe1 29. g4 Rfd8 30. Rxd8+ Rxd8 31. Rxe1 Nd6 32. Rc1 Rc8 33. c5 bxc5 34. bxc5 Rxc5 35. Rd1 Ne4+ 36. Kf3 Ng5+ 37. Kf2 Ra5 38. Rd3 g6 39. h4 Ne4+ 40. Kf3 Nf6 41. Ng3 Ra4 42. e4 Kg7 43. Rc3 h5 44. gxh5 Nxh5 45. Nxh5+ gxh5 46. Ke3 f6 47. Rc7+ Kg6 48. Rc3 Ra6 49. Ke2 Rb6 50. Rg3+ Kf7 51. Rc3 Rb7 52. Kd3 Kg6 53. Rc8 Rb3+ 54. Kc4 Rxa3 55. Rg8+ Kf7 56. Rh8 Re3 57. Kd5 Rd3+ 58. Kc5 Rd4 59. Rxh5 Rxe4 60. Rh7+ Kg6 61. Rxa7 Rxh4 62. Kd5 Kf5 0-1